00589 2200205 4500001002100000005001500021035002000036008004100056245004200097100002400139250000600163260006300169300001200232020002200244084001400266082000800280650001000288520007300298990001200371INLIS00000000000138220240711093451 a0010-0724000002240711 1 1 aJenderal Kambing /cKhrisna Pabichara aPabikchara, Khrisna a1 aTanggerang Selatan :bexchange publishing your idea,c2017 a209 hlm a978-602-6799-27-2 a813 KHR j a813 4aFiksi aNamanya Ibrahim. Ia Lahir Disaksikan Ayah Yang Sedang Bertugas Jauh. a0750944